[Event "DEM U12 2018"]
[Site "Willingen GER"]
[Date "2018.05.22"]
[Round "5"]
[White "Farokhi, Keyvan"]
[Black "Schubert, Nikita"]
[Result "1/2-1/2"]
[Termination "normal"]
[Board "2"]
[WhiteElo "1844"]
[BlackElo "1802"]
[WhiteClock "00:35:48"]
[BlackClock "00:03:57"]
[PlyCount "96"]
[WhiteFideId "12998630"]
[BlackFideId "16212339"]
[EventCountry "GER"]
[EventRounds "11"]
[EventType "swiss"]
[EventDate "2018.05.19"]

1. e4 {[%clk 1:15:58]} 1... e5 {[%clk 1:15:56]} 2. Nf3 {[%clk 1:16:23]} 2...
Nc6 {[%clk 1:16:22]} 3. d4 {[%clk 1:16:45]} 3... exd4 {[%clk 1:16:43]} 4. Bc4 {
[%clk 1:17:08]} 4... Bc5 {[%clk 1:16:59]} 5. O-O {[%clk 1:17:29]} 5... d6 {
[%clk 1:17:02]} 6. c3 {[%clk 1:17:51]} 6... dxc3 {[%clk 1:16:58]} 7. Qb3 {
[%clk 1:18:06]} 7... Qd7 {[%clk 1:06:12]} 8. Qxc3 {[%clk 1:14:08]} 8... f6 {
[%clk 0:54:28]} 9. a3 {[%clk 0:59:28]} 9... Nge7 {[%clk 0:50:13]} 10. b4 {
[%clk 0:59:41]} 10... Bb6 {[%clk 0:50:41]} 11. Qb3 {[%clk 0:56:24]} 11... Ng6 {
[%clk 0:49:23]} 12. Bb2 {[%clk 0:55:16]} 12... Nce5 {[%clk 0:41:41]} 13. Nxe5 {
[%clk 0:55:22]} 13... fxe5 {[%clk 0:33:31]} 14. Nc3 {[%clk 0:47:35]} 14... Nf4
{[%clk 0:29:34]} 15. Ne2 {[%clk 0:46:09]} 15... Nxe2+ {[%clk 0:29:03]} 16. Bxe2
{[%clk 0:46:37]} 16... Qe7 {[%clk 0:27:24]} 17. Kh1 {[%clk 0:44:19]} 17... Be6
{[%clk 0:25:40]} 18. Qg3 {[%clk 0:44:18]} 18... O-O {[%clk 0:24:06]} 19. f3 {
[%clk 0:35:08]} 19... Be3 {[%clk 0:20:51]} 20. Bc1 {[%clk 0:34:21]} 20... Bd4 {
[%clk 0:20:16]} 21. Bg5 {[%clk 0:34:43]} 21... Qd7 {[%clk 0:19:12]} 22. Rad1 {
[%clk 0:32:43]} 22... Qe8 {[%clk 0:11:45]} 23. f4 {[%clk 0:30:35]} 23... exf4 {
[%clk 0:10:32]} 24. Bxf4 {[%clk 0:30:56]} 24... Bf6 {[%clk 0:09:55]} 25. e5 {
[%clk 0:31:07]} 25... dxe5 {[%clk 0:08:13]} 26. Bxe5 {[%clk 0:31:28]} 26...
Bxe5 {[%clk 0:08:19]} 27. Qxe5 {[%clk 0:31:51]} 27... Rxf1+ {[%clk 0:07:58]}
28. Rxf1 {[%clk 0:32:07]} 28... c6 {[%clk 0:04:43]} 29. Qc7 {[%clk 0:29:01]}
29... Qc8 {[%clk 0:02:54]} 30. Qe7 {[%clk 0:28:42]} 30... Bd5 {[%clk 0:02:32]}
31. Bf3 {[%clk 0:27:06]} 31... Bxf3 {[%clk 0:02:37]} 32. Rxf3 {[%clk 0:27:34]}
32... Qe8 {[%clk 0:02:41]} 33. Qh4 {[%clk 0:26:47]} 33... Qe2 {[%clk 0:02:05]}
34. h3 {[%clk 0:26:42]} 34... Re8 {[%clk 0:02:23]} 35. Qf4 {[%clk 0:26:29]}
35... Qe1+ {[%clk 0:02:28]} 36. Rf1 {[%clk 0:26:53]} 36... Qe6 {[%clk 0:02:51]}
37. Qc7 {[%clk 0:26:02]} 37... Qe7 {[%clk 0:02:55]} 38. Qf4 {[%clk 0:26:20]}
38... h6 {[%clk 0:02:53]} 39. Rf3 {[%clk 0:24:44]} 39... Qd7 {[%clk 0:01:12]}
40. Rf1 {[%clk 0:23:01]} 40... Qe6 {[%clk 0:00:58]} 41. Qc7 {[%clk 0:21:26]}
41... Qe7 {[%clk 0:14:41]} 42. Qf4 {[%clk 0:36:47]} 42... a6 {[%clk 0:14:44]}
43. Rf3 {[%clk 0:36:12]} 43... Kh8 {[%clk 0:14:33]} 44. Qf7 {[%clk 0:34:39]}
44... Qxf7 {[%clk 0:06:08]} 45. Rxf7 {[%clk 0:35:01]} 45... Rb8 {[%clk 0:06:36]
} 46. Rc7 {[%clk 0:35:20]} 46... Kh7 {[%clk 0:06:38]} 47. Kh2 {[%clk 0:35:34]}
47... Kg6 {[%clk 0:06:55]} 48. g4 {[%clk 0:35:48]} 48... Kh7 {[%clk 0:03:57]}
1/2-1/2

[Event "DEM U12 2018"]
[Site "Willingen GER"]
[Date "2018.05.22"]
[Round "5"]
[White "Hommer, Jeremy"]
[Black "Chassard, Cedric"]
[Result "1/2-1/2"]
[Termination "normal"]
[Board "6"]
[WhiteElo "1897"]
[BlackElo "1590"]
[WhiteClock "00:11:07"]
[BlackClock "00:24:21"]
[PlyCount "70"]
[WhiteFideId "12992577"]
[BlackFideId "16243536"]
[EventCountry "GER"]
[EventRounds "11"]
[EventType "swiss"]
[EventDate "2018.05.19"]

1. Nf3 {[%clk 1:16:16]} 1... e6 {[%clk 1:15:40]} 2. g3 {[%clk 1:16:16]} 2...
Nf6 {[%clk 1:15:40]} 3. Bg2 {[%clk 1:16:15]} 3... c5 {[%clk 1:15:43]} 4. O-O {
[%clk 1:16:34]} 4... Nc6 {[%clk 1:15:21]} 5. c4 Be7 6. Nc3 {[%clk 1:13:21]}
6... O-O {[%clk 1:11:42]} 7. d4 {[%clk 1:09:58]} 7... d5 {[%clk 1:09:07]} 8.
cxd5 {[%clk 1:04:14]} 8... Nxd5 {[%clk 1:07:49]} 9. e4 {[%clk 0:53:47]} 9...
Nf6 {[%clk 1:01:35]} 10. d5 {[%clk 0:33:49]} 10... exd5 {[%clk 1:01:48]} 11. e5
{[%clk 0:33:55]} 11... Ng4 {[%clk 0:57:58]} 12. Qxd5 {[%clk 0:33:51]} 12... Be6
{[%clk 0:57:41]} 13. Qe4 {[%clk 0:29:57]} 13... Qd7 {[%clk 0:45:00]} 14. Rd1 {
[%clk 0:28:46]} 14... Qc7 {[%clk 0:37:27]} 15. Bf4 {[%clk 0:24:45]} 15... Qb6 {
[%clk 0:31:48]} 16. Qe2 {[%clk 0:24:45]} 16... c4 {[%clk 0:29:29]} 17. Ne4 {
[%clk 0:23:09]} 17... Bf5 {[%clk 0:26:07]} 18. Nd6 {[%clk 0:17:10]} 18... Bd3 {
[%clk 0:25:47]} 19. Qe1 {[%clk 0:15:57]} 19... Bxd6 {[%clk 0:25:14]} 20. exd6 {
[%clk 0:16:23]} 20... Rfe8 {[%clk 0:25:30]} 21. Be3 {[%clk 0:14:38]} 21... Nxe3
{[%clk 0:24:43]} 22. fxe3 {[%clk 0:14:50]} 22... Rxe3 {[%clk 0:24:21]} 23. Qf2
{[%clk 0:15:15]} 23... Rae8 {[%clk 0:24:13]} 24. d7 {[%clk 0:14:58]} 24... R8e7
{[%clk 0:23:44]} 25. Re1 {[%clk 0:15:02]} 25... Rxe1+ {[%clk 0:23:54]} 26. Rxe1
{[%clk 0:15:29]} 26... Rxe1+ {[%clk 0:24:02]} 27. Nxe1 {[%clk 0:15:53]} 27...
Qxf2+ {[%clk 0:23:57]} 28. Kxf2 {[%clk 0:12:48]} 28... Nd8 {[%clk 0:24:23]} 29.
Nxd3 {[%clk 0:13:09]} 29... cxd3 {[%clk 0:24:49]} 30. Ke3 {[%clk 0:13:11]}
30... Kf8 {[%clk 0:25:13]} 31. Kxd3 {[%clk 0:12:42]} 31... Ke7 {[%clk 0:25:39]}
32. Kd4 {[%clk 0:12:09]} 32... Kxd7 {[%clk 0:25:38]} 33. Kd5 {[%clk 0:11:32]}
33... Nc6 {[%clk 0:25:05]} 34. Bh3+ {[%clk 0:11:08]} 34... Kc7 {[%clk 0:24:20]}
35. a3 {[%clk 0:11:07]} 35... Ne7+ {[%clk 0:24:21]} 1/2-1/2

[Event "DEM U12 2018"]
[Site "Willingen GER"]
[Date "2018.05.22"]
[Round "5"]
[White "Weidenhöfer, Max"]
[Black "Metzdorf, Matteo"]
[Result "0-1"]
[Termination "normal"]
[Board "8"]
[WhiteElo "1709"]
[BlackElo "1832"]
[WhiteClock "00:00:46"]
[BlackClock "00:06:35"]
[PlyCount "89"]
[WhiteFideId "16230566"]
[BlackFideId "16209869"]
[EventCountry "GER"]
[EventRounds "11"]
[EventType "swiss"]
[EventDate "2018.05.19"]

1. e4 {[%clk 1:15:58]} 1... e6 {[%clk 1:15:54]} 2. d4 {[%clk 1:16:24]} 2... d5
{[%clk 1:16:19]} 3. e5 {[%clk 1:16:51]} 3... c5 {[%clk 1:16:44]} 4. c3 { [%clk
1:17:17]} 4... Nc6 {[%clk 1:17:09]} 5. Nf3 {[%clk 1:17:44]} 5... Qb6 { [%clk
1:17:36]} 6. Bd3 {[%clk 1:18:09]} 6... Bd7 {[%clk 1:17:33]} 7. O-O { [%clk
1:18:21]} 7... cxd4 {[%clk 1:17:34]} 8. cxd4 {[%clk 1:18:43]} 8... Nxd4 { [%clk
1:16:21]} 9. Nxd4 {[%clk 1:19:07]} 9... Qxd4 {[%clk 1:16:46]} 10. Nc3 { [%clk
1:19:30]} 10... a6 {[%clk 1:17:01]} 11. Qe2 {[%clk 1:19:49]} 11... Ne7 { [%clk
1:16:23]} 12. Rd1 {[%clk 1:19:45]} 12... Qb6 {[%clk 1:11:22]} 13. Kh1 { [%clk
1:14:32]} 13... Nc6 {[%clk 1:10:38]} 14. f4 {[%clk 1:11:29]} 14... Qc7 { [%clk
1:07:06]} 15. a3 {[%clk 1:07:10]} 15... Be7 {[%clk 1:04:24]} 16. b4 { [%clk
0:59:21]} 16... Nxb4 {[%clk 0:55:30]} 17. axb4 {[%clk 0:57:23]} 17... Qxc3
{[%clk 0:52:30]} 18. Bd2 {[%clk 0:57:12]} 18... Qc7 {[%clk 0:48:02]} 19. Rdc1
{[%clk 0:56:42]} 19... Qb6 {[%clk 0:45:18]} 20. b5 {[%clk 0:52:46]} 20... a5
{[%clk 0:39:23]} 21. Be3 {[%clk 0:46:09]} 21... d4 {[%clk 0:34:11]} 22. Bf2
{[%clk 0:46:03]} 22... Bc5 {[%clk 0:33:19]} 23. Ra4 {[%clk 0:44:07]} 23... Bb4
{[%clk 0:28:03]} 24. Bxd4 {[%clk 0:38:33]} 24... Qxd4 {[%clk 0:23:38]} 25. Rc4
{[%clk 0:38:51]} 25... Qb6 {[%clk 0:21:00]} 26. Rcxb4 {[%clk 0:38:52]} 26...
O-O {[%clk 0:19:17]} 27. Rb1 {[%clk 0:31:10]} 27... Rfd8 {[%clk 0:17:56]} 28.
Qe4 {[%clk 0:21:29]} 28... g6 {[%clk 0:15:09]} 29. Qf3 {[%clk 0:15:44]} 29...
Rac8 {[%clk 0:13:52]} 30. Raa1 {[%clk 0:05:32]} 30... Rc3 {[%clk 0:10:22]} 31.
Qe2 {[%clk 0:05:22]} 31... Qd4 {[%clk 0:07:55]} 32. Rd1 {[%clk 0:05:21]} 32...
Qxf4 {[%clk 0:07:05]} 33. Rxa5 {[%clk 0:04:03]} 33... Rdc8 {[%clk 0:03:55]} 34.
Raa1 {[%clk 0:02:05]} 34... R3c5 {[%clk 0:01:53]} 35. Re1 {[%clk 0:02:11]}
35... Rd5 {[%clk 0:01:36]} 36. Rab1 {[%clk 0:01:00]} 36... Rcc5 {[%clk 0:01:35]
} 37. g3 {[%clk 0:00:33]} 37... Qxe5 {[%clk 0:01:06]} 38. Qa2 {[%clk 0:01:01]}
38... Qc3 {[%clk 0:00:41]} 39. Be4 {[%clk 0:01:00]} 39... Re5 {[%clk 0:00:46]}
40. Qa8+ {[%clk 0:01:21]} 40... Kg7 {[%clk 0:00:52]} 41. Qxb7 41... Bxb5 {
[%clk 0:12:30]} 42. Rbc1 {[%clk 0:14:27]} 42... Qd4 {[%clk 0:12:04]} 43. Rcd1 {
[%clk 0:12:52]} 43... Qf2 {[%clk 0:11:53]} 44. Qa7 {[%clk 0:01:12]} 44... Bc6 {
[%clk 0:06:35]} 45. Qa1 {[%clk 0:00:46]} 0-1

[Event "DEM U12 2018"]
[Site "Willingen GER"]
[Date "2018.05.22"]
[Round "5"]
[White "Halabi, Ibrahim"]
[Black "Hagenbeck-Hübert, Ben"]
[Result "1/2-1/2"]
[Termination "normal"]
[Board "13"]
[WhiteElo "1701"]
[BlackElo "1760"]
[PlyCount "150"]
[WhiteFideId "16241754"]
[BlackFideId "16230779"]
[EventCountry "GER"]
[EventRounds "11"]
[EventType "swiss"]
[EventDate "2018.05.19"]

1. e4 e5 2. Nf3 Nc6 3. Bc4 Nf6 4. d3 Bc5 5. c3 Bb6 6. Nbd2 d6 7. Bb3 O-O 8. O-O
Ne7 9. Nc4 h6 10. a4 c6 11. Nxb6 axb6 12. Be3 Ng6 13. h3 Be6 14. Bc2 Qc7 15. d4
Rad8 16. Qc1 Kh8 17. Nh2 Nh7 18. f4 exf4 19. Bxf4 Nxf4 20. Qxf4 Rd7 21. Rae1 d5
22. Qxc7 Rxc7 23. exd5 Bxd5 24. Ng4 Kg8 25. h4 h5 26. Ne3 Be6 27. Bf5 Bxf5 28.
Nxf5 Nf6 29. Ne7+ Kh7 30. Re5 Re8 31. Rfe1 Ra8 32. b3 Ra5 33. Rxa5 bxa5 34. Re5
g6 35. c4 Ng4 36. Re1 Kg7 37. d5 Kf8 38. d6 Rd7 39. c5 Nf6 40. Kf2 b6 41. Nxc6
bxc5 42. Nxa5 Rxd6 43. Nc4 Rd3 44. a5 Rxb3 45. a6 Rb4 46. Ra1 Nd5 47. a7 Nc7
48. a8=Q+ Nxa8 49. Rxa8+ Ke7 50. Ne3 Rxh4 51. Rc8 Kd6 52. Rd8+ Ke5 53. Rd5+ Ke4
54. Rxc5 Kd3 55. Rd5+ Rd4 56. Kf3 Rxd5 57. Nxd5 Kd4 58. Nf4 Ke5 59. g3 Kf5 60.
Nd3 g5 61. Nf2 Ke5 62. Nd3+ Kd4 63. Nf2 f5 64. Kg2 Ke3 65. Nh3 g4 66. Nf4 Ke4
67. Nxh5 Ke3 68. Nf4 Kd4 69. Kf2 Ke4 70. Ke2 Kd4 71. Kd2 Ke4 72. Ke2 Kd4 73.
Kf2 Ke4 74. Ne2 $8 Kd3 (74... Kd5 75. Ke3 Kc4 $18 {[%eval 539,16]}) 75. Nc3 $18
{[%eval 487,21]} Kd4 $18 {[%eval 512,22]} 1/2-1/2

[Event "DEM U12 2018"]
[Site "Willingen GER"]
[Date "2018.05.22"]
[Round "5"]
[White "Neuber, Pascal"]
[Black "Duduka, Artem"]
[Result "1-0"]
[Termination "normal"]
[Board "14"]
[WhiteElo "1782"]
[BlackElo "1598"]
[PlyCount "77"]
[WhiteFideId "16227611"]
[BlackFideId "14194805"]
[EventCountry "GER"]
[EventRounds "11"]
[EventType "swiss"]
[EventDate "2018.05.19"]

1. e4 e5 2. Nf3 Nc6 3. Bc4 Nf6 4. Ng5 Bc5 5. Nxf7 Bxf2+ 6. Kxf2 Nxe4+ 7. Kg1
Qh4 8. g3 Nxg3 9. hxg3 Qxc4 10. Nxh8 d6 11. Qh5+ g6 12. Nxg6 Bg4 13. Nxe5+ Bxh5
14. Nxc4 Bg6 15. d3 O-O-O 16. Bf4 Re8 17. Nbd2 Nd4 18. Ne3 Ne2+ 19. Kf2 Nd4 20.
c3 Nc6 21. d4 Ne7 22. Rae1 Bd3 23. Nd5 Kd8 24. Rxe7 Rxe7 25. Nxe7 Kxe7 26. Re1+
Kd7 27. Ne4 Bxe4 28. Rxe4 h6 29. Bxh6 d5 30. Re5 c6 31. g4 Kc7 32. g5 c5 33. g6
cxd4 34. cxd4 Kb6 35. g7 a5 36. g8=Q a4 37. Qxd5 Ka7 38. Qa5+ Kb8 39. Re8# 1-0

[Event "DEM U12 2018"]
[Site "Willingen GER"]
[Date "2018.05.22"]
[Round "5"]
[White "Hecht, Jonas Christian"]
[Black "Movsisyan, Andranik"]
[Result "1-0"]
[Termination "normal"]
[Board "15"]
[WhiteElo "1678"]
[BlackElo "1654"]
[PlyCount "75"]
[WhiteFideId "16214846"]
[BlackFideId "16240391"]
[EventCountry "GER"]
[EventRounds "11"]
[EventType "swiss"]
[EventDate "2018.05.19"]

1. c4 e5 2. Nc3 Nf6 3. Nf3 Nc6 4. g3 Bc5 5. Nxe5 Nxe5 6. d4 Qe7 7. dxe5 Ng4 8.
Ne4 Nxe5 9. Qd5 Bb4+ 10. Bd2 Bxd2+ 11. Nxd2 c6 12. Qd4 O-O 13. Bg2 d6 14. O-O
Re8 15. Rfe1 Bd7 16. b3 Qf6 17. Rad1 c5 18. Qf4 Qxf4 19. gxf4 Ng6 20. e3 Rab8
21. Nf3 f6 22. Rxd6 Bc6 23. Red1 Ne7 24. Nh4 Bxg2 25. Kxg2 b6 26. Rd7 a5 27. a4
g6 28. R1d6 g5 29. fxg5 fxg5 30. Nf3 Nf5 31. Rf6 Nxe3+ 32. fxe3 Rxe3 33. Nxg5
Rxb3 34. Rff7 Rb2+ 35. Kg3 Re2 36. Nxh7 Kh8 37. Nf6 Rg8+ 38. Kf3 1-0

[Event "DEM U12 2018"]
[Site "Willingen GER"]
[Date "2018.05.22"]
[Round "5"]
[White "Hoke, Adrian Neo"]
[Black "Hoffmann, Kay"]
[Result "1/2-1/2"]
[Termination "normal"]
[Board "16"]
[WhiteElo "1628"]
[BlackElo "1247"]
[PlyCount "67"]
[WhiteFideId "16218264"]
[BlackFideId "16227000"]
[EventCountry "GER"]
[EventRounds "11"]
[EventType "swiss"]
[EventDate "2018.05.19"]

1. e4 d5 2. exd5 Qxd5 3. Nc3 Qd6 4. Bc4 Nf6 5. d3 c6 6. Nge2 Bf5 7. O-O e6 8.
Ng3 Bg6 9. f4 Qc5+ 10. Kh1 Nh5 11. Nce4 Nxg3+ 12. Nxg3 Bf5 13. Bd2 Nd7 14. b4
Qd6 15. Nxf5 exf5 16. Re1+ Be7 17. Qe2 Nb6 18. Rad1 Nc8 19. Qh5 Qg6 20. Qxg6
hxg6 21. Bc3 f6 22. Re2 Kd7 23. Rde1 Bd6 24. g3 Nb6 25. Kg2 Nxc4 26. dxc4 Rae8
27. h3 Rxe2+ 28. Rxe2 Re8 29. Rxe8 Kxe8 30. Kf3 Ke7 31. g4 fxg4+ 32. hxg4 Ke6
33. a3 a6 34. a4 1/2-1/2

[Event "DEM U12 2018"]
[Site "Willingen GER"]
[Date "2018.05.22"]
[Round "5"]
[White "Phan Trong, Dai"]
[Black "Klugstedt, Vincent"]
[Result "0-1"]
[Termination "normal"]
[Board "17"]
[WhiteElo "1579"]
[BlackElo "1810"]
[PlyCount "96"]
[WhiteFideId "16236939"]
[BlackFideId "16216393"]
[EventCountry "GER"]
[EventRounds "11"]
[EventType "swiss"]
[EventDate "2018.05.19"]

1. c4 c5 2. Nc3 Nc6 3. g3 g6 4. Bg2 Bg7 5. e4 d6 6. Nge2 Nf6 7. O-O O-O 8. f4
Ne8 9. d3 Nc7 10. h3 Ne6 11. g4 Ned4 12. Ng3 Rb8 13. f5 b5 14. cxb5 Nxb5 15.
Nd5 e6 16. f6 Bh8 17. Bh6 Re8 18. Nc3 Bxf6 19. Qf3 Bd4+ 20. Be3 Ne5 21. Qf2 Rf8
22. Nxb5 Bxe3 23. Qxe3 Rxb5 24. Rf2 Kg7 25. Rd1 Qb6 26. b3 Ba6 27. Ne2 Rb4 28.
Nf4 Qd8 29. Rdf1 Qe7 30. g5 Rd4 31. Rd2 Kg8 32. Qg3 f6 33. gxf6 Rxf6 34. Rdf2
Rf7 35. Rd1 g5 36. Bf1 Kh8 37. Ng2 Rxf2 38. Kxf2 Qf6+ 39. Kg1 Bb7 40. Be2 Ng6
41. Rf1 Qe5 42. Qf3 Qg7 43. Qg3 h6 44. Bh5 e5 45. Bxg6 Qxg6 46. Nh4 Qe6 47. Qf3
gxh4 48. Qf8+ Qg8+ 0-1

[Event "DEM U12 2018"]
[Site "Willingen GER"]
[Date "2018.05.22"]
[Round "5"]
[White "May, Ben-Iven"]
[Black "Lehmann, Nils"]
[Result "1/2-1/2"]
[Termination "normal"]
[Board "18"]
[WhiteElo "1769"]
[BlackElo "1558"]
[PlyCount "66"]
[WhiteFideId "16229673"]
[BlackFideId "12982610"]
[EventCountry "GER"]
[EventRounds "11"]
[EventType "swiss"]
[EventDate "2018.05.19"]

1. e4 e5 2. Nf3 Nc6 3. Bb5 a6 4. Ba4 Nf6 5. O-O d6 6. d3 Be7 7. Re1 O-O 8. c3
Bd7 9. Nbd2 Re8 10. Nf1 Bf8 11. Ng3 h6 12. Bc2 Ne7 13. Nh4 Ng6 14. Nhf5 c6 15.
d4 Qc7 16. Qf3 Rad8 17. Be3 Nh4 18. Qd1 Nxf5 19. Nxf5 Qc8 20. Qf3 Bxf5 21. Qxf5
Qxf5 22. exf5 e4 23. c4 d5 24. c5 b6 25. b4 b5 26. a4 Ra8 27. Ra3 Be7 28. Rea1
Rac8 29. axb5 axb5 30. Bd1 Bd8 31. Ra6 Rf8 32. Bf4 Bc7 33. Be3 Bd8 1/2-1/2

[Event "DEM U12 2018"]
[Site "Willingen GER"]
[Date "2018.05.22"]
[Round "5"]
[White "Sieber, Bert"]
[Black "Felten, Maximilian"]
[Result "0-1"]
[Termination "normal"]
[Board "19"]
[WhiteElo "1453"]
[BlackElo "1664"]
[PlyCount "44"]
[WhiteFideId "16265971"]
[BlackFideId "4004949"]
[EventCountry "GER"]
[EventRounds "11"]
[EventType "swiss"]
[EventDate "2018.05.19"]

1. Nf3 d5 2. c4 e6 3. e3 Nf6 4. Nc3 c6 5. b3 Be7 6. Bb2 Nbd7 7. Qc2 a6 8. Rg1
b5 9. g4 h6 10. Nd4 Bb7 11. f4 c5 12. Nde2 b4 13. Nd1 g5 14. f5 exf5 15. Qxf5
dxc4 16. bxc4 Be4 17. Qf2 Bd6 18. Nc1 Be5 19. d3 Bb7 20. Kd2 Bxb2 21. Nxb2 Ne5
22. Be2 Ne4+ 0-1

[Event "DEM U12 2018"]
[Site "Willingen GER"]
[Date "2018.05.22"]
[Round "5"]
[White "Kort, Felix"]
[Black "Mimkes, Antal"]
[Result "0-1"]
[Termination "normal"]
[Board "20"]
[WhiteElo "1672"]
[BlackElo "1559"]
[PlyCount "52"]
[WhiteFideId "16220129"]
[BlackFideId "16265963"]
[EventCountry "GER"]
[EventRounds "11"]
[EventType "swiss"]
[EventDate "2018.05.19"]

1. d4 c5 2. d5 d6 3. c4 e5 4. Nc3 f5 5. e4 Nf6 6. Bd3 f4 7. f3 Nh5 8. Nge2 Qh4+
9. Kf1 Be7 10. Nb5 Na6 11. Bd2 Nf6 12. Ba5 b6 13. Be1 Qh5 14. Qa4 O-O 15. a3 g5
16. Ng1 g4 17. fxg4 Nxg4 18. Nf3 Ne3+ 19. Kg1 Qg6 20. Bf1 Bh3 21. Kf2 Bxg2 22.
Rg1 Qxe4 23. Rxg2+ Nxg2 24. Kxg2 Kh8 25. Qxa6 Rg8+ 26. Kf2 Qe3# 0-1

[Event "DEM U12 2018"]
[Site "Willingen GER"]
[Date "2018.05.22"]
[Round "5"]
[White "Niemann, Leon"]
[Black "Amato, Cristiano"]
[Result "0-1"]
[Termination "normal"]
[Board "21"]
[WhiteElo "1563"]
[BlackElo "1681"]
[PlyCount "49"]
[WhiteFideId "16218388"]
[BlackFideId "12998460"]
[EventCountry "GER"]
[EventRounds "11"]
[EventType "swiss"]
[EventDate "2018.05.19"]

1. e4 c5 2. Nf3 e6 3. d4 cxd4 4. Nxd4 Nf6 5. Nc3 Nc6 6. Ndb5 Bb4 7. a3 Bxc3+ 8.
Nxc3 d5 9. exd5 exd5 10. Bd3 O-O 11. O-O Re8 12. Bg5 Be6 13. Qf3 Ne5 14. Qg3
Nxd3 15. Qxd3 h6 16. Bh4 g5 17. Bg3 Rc8 18. h4 Ne4 19. Be5 Bf5 20. f4 b5 21.
Qxd5 Nxc3 22. Qxd8 Ne2+ 23. Kf2 Rcxd8 24. c3 f6 25. Bxf6 0-1

[Event "DEM U12 2018"]
[Site "Willingen GER"]
[Date "2018.05.22"]
[Round "5"]
[White "Schulemann, Gero"]
[Black "Tovmasyan, Minas"]
[Result "0-1"]
[Termination "normal"]
[Board "22"]
[WhiteElo "1700"]
[BlackElo "1480"]
[PlyCount "36"]
[WhiteFideId "16227646"]
[BlackFideId "16247620"]
[EventCountry "GER"]
[EventRounds "11"]
[EventType "swiss"]
[EventDate "2018.05.19"]

1. e4 c5 2. Nf3 e6 3. d4 cxd4 4. Nxd4 a6 5. Nc3 Qc7 6. Bd3 Nf6 7. f4 d6 8. Qf3
Be7 9. Be3 Nbd7 10. O-O-O Rb8 11. Qg3 Rg8 12. e5 dxe5 13. fxe5 Nxe5 14. Bf4 Bd6
15. Ndb5 Nxd3+ 16. Rxd3 Bxf4+ 17. Qxf4 Qxf4+ 18. Kb1 axb5 0-1

[Event "DEM U12 2018"]
[Site "Willingen GER"]
[Date "2018.05.22"]
[Round "5"]
[White "Morczynski, Joachim"]
[Black "Ljuca, Semir"]
[Result "1-0"]
[Termination "normal"]
[Board "23"]
[WhiteElo "1665"]
[BlackElo "1344"]
[PlyCount "77"]
[WhiteFideId "16209745"]
[BlackFideId "16216130"]
[EventCountry "GER"]
[EventRounds "11"]
[EventType "swiss"]
[EventDate "2018.05.19"]

1. e4 c5 2. Nf3 d6 3. d4 cxd4 4. Qxd4 a6 5. c4 Nc6 6. Qe3 Bg4 7. Nc3 Bxf3 8.
Qxf3 e6 9. Be3 Nf6 10. a3 Be7 11. Be2 Ne5 12. Qg3 Rc8 13. b3 b5 14. c5 Ng6 15.
c6 Rxc6 16. Bd2 O-O 17. h4 Kh8 18. f4 Nxe4 19. Nxe4 Bxh4 20. Rxh4 Qxh4 21. Qxh4
Nxh4 22. g3 Nf5 23. a4 Nd4 24. axb5 axb5 25. Bd1 d5 26. Ng5 Nc2+ 27. Bxc2 Rxc2
28. Nxf7+ Kg8 29. Ng5 Re8 30. Nf3 Rcc8 31. Ke2 Kf7 32. Kd3 Kf6 33. g4 Red8 34.
Bc3+ Kg6 35. Ne5+ Kf6 36. Ra7 Rf8 37. Nf3+ Kg6 38. Nh4+ Kh6 39. Bxg7# 1-0

[Event "DEM U12 2018"]
[Site "Willingen GER"]
[Date "2018.05.22"]
[Round "5"]
[White "Huo, Da"]
[Black "Schwartz, Oliver"]
[Result "1-0"]
[Termination "normal"]
[Board "24"]
[WhiteElo "1686"]
[BlackElo "1651"]
[PlyCount "173"]
[WhiteFideId "16221206"]
[BlackFideId "16207459"]
[EventCountry "GER"]
[EventRounds "11"]
[EventType "swiss"]
[EventDate "2018.05.19"]

1. e4 c5 2. Nf3 Nc6 3. d4 cxd4 4. Nxd4 Nf6 5. Nc3 e5 6. Ndb5 d6 7. Bg5 a6 8.
Na3 b5 9. Nd5 Be7 10. Bxf6 Bxf6 11. c4 b4 12. Nc2 a5 13. Be2 Bg5 14. O-O O-O
15. Bf3 Ra7 16. Qe2 g6 17. Rad1 Be6 18. b3 Rd7 19. Ra1 Rb7 20. Rfd1 Nb8 21.
Nce3 Bxe3 22. Qxe3 Na6 23. Qd2 Rd7 24. Ne3 Nc5 25. Nf1 Qc7 26. Ng3 Rdd8 27. Qg5
f5 28. Qd2 fxe4 29. Nxe4 Nxe4 30. Bxe4 Rf4 31. Bd5 Qe7 32. Bxe6+ Qxe6 33. Qd5
Qf7 34. Qxf7+ Rxf7 35. Rd5 Rf6 36. Rxa5 Rb8 37. Rd1 Rb6 38. Ra7 Rf7 39. Ra5 Rf6
40. Rdd5 Rf7 41. f3 Kf8 42. c5 dxc5 43. Rdxc5 e4 44. fxe4 Rbf6 45. Rc1 Re6 46.
e5 Rf5 47. Rb5 Rexe5 48. Rxb4 Re2 49. Rb7 Re7 50. Rxe7 Kxe7 51. Rc7+ Kd6 52.
Rxh7 Ra5 53. Rh6 Rxa2 54. Rxg6+ Ke5 55. h3 Rb2 56. Rg3 Kf4 57. Rg4+ Kf5 58. b4
Ra2 59. Kh2 Rb2 60. Rc4 Kg5 61. Rc5+ Kh4 62. Rc4+ Kg5 63. h4+ Kh5 64. Kh3 Rb3+
65. g3 Kh6 66. Kg4 Kg6 67. Rc6+ Kh7 68. Rb6 Rc3 69. h5 Rd3 70. Rf6 Rd4+ 71. Rf4
Rd5 72. Kh4 Rb5 73. g4 Kh6 74. g5+ Kh7 75. Rd4 Kg7 76. h6+ Kg6 77. Rd6+ Kh7 78.
Kh5 Rb8 79. g6+ Kh8 80. Rd5 Re8 81. b5 Rb8 82. b6 Kg8 83. Rf5 Rxb6 84. h7+ Kg7
85. Rf7+ Kh8 86. Rf8+ Kg7 87. h8=Q# 1-0

[Event "DEM U12 2018"]
[Site "Willingen GER"]
[Date "2018.05.22"]
[Round "5"]
[White "Greßler, Christian"]
[Black "Wildermuth, Nikolas Karl"]
[Result "0-1"]
[Termination "normal"]
[Board "25"]
[WhiteElo "1290"]
[BlackElo "1495"]
[PlyCount "108"]
[WhiteFideId "16244907"]
[BlackFideId "16244699"]
[EventCountry "GER"]
[EventRounds "11"]
[EventType "swiss"]
[EventDate "2018.05.19"]

1. e4 c5 2. Nf3 a6 3. d3 e6 4. Nbd2 Nc6 5. g3 g6 6. Bg2 Bg7 7. O-O Nge7 8. Re1
Qc7 9. Nf1 O-O 10. c3 b5 11. h4 Bb7 12. N1h2 d5 13. Ng4 h5 14. Ngh2 Rad8 15.
Qe2 b4 16. e5 bxc3 17. bxc3 Rb8 18. Bf4 Ba8 19. Rab1 Rb6 20. Rb2 Rfb8 21. Rxb6
Rxb6 22. g4 Qb8 23. Qe3 hxg4 24. Nxg4 d4 25. cxd4 Nxd4 26. Nxd4 cxd4 27. Nf6+
Bxf6 28. exf6 dxe3 29. Bxb8 exf2+ 30. Kxf2 Rb2+ 31. Re2 Rxb8 32. fxe7 Bxg2 33.
Kxg2 Re8 34. Rb2 Rxe7 35. Rb8+ Kg7 36. Ra8 Rd7 37. Rxa6 Rxd3 38. Ra5 Kf6 39.
Kh2 e5 40. Kg2 Kf5 41. Ra4 e4 42. Ra5+ Kf4 43. h5 gxh5 44. Rxh5 Rd2+ 45. Kf1
Rxa2 46. Rh4+ Ke5 47. Ke1 f5 48. Rh8 e3 49. Re8+ Kf4 50. Rh8 Ke4 51. Re8+ Kf3
52. Rd8 Ra1+ 53. Rd1 Rxd1+ 54. Kxd1 Kf2 0-1